<?xml version="1.0" encoding="UTF-8"?>
<marc:record xmlns:marc="http://www.loc.gov/MARC21/slim">
   <marc:leader>00000nam a2200000 a 4500</marc:leader>
   <marc:datafield ind1="1" ind2=" " tag="100">
      <marc:subfield code="a">Kiel, Anja</marc:subfield>
      <marc:subfield code="4">aut</marc:subfield>
      <marc:subfield code="e">Verfasser/-in</marc:subfield>
   </marc:datafield>
   <marc:datafield ind1=" " ind2=" " tag="653">
      <marc:subfield code="a">Spielen, Lernen</marc:subfield>
   </marc:datafield>
   <marc:datafield ind1="0" ind2="0" tag="245">
      <marc:subfield code="a">tiptoi® Lenny Lamm und die Sache mit der Wut</marc:subfield>
   </marc:datafield>
   <marc:datafield ind1="0" ind2="0" tag="245">
      <marc:subfield code="c">Kiel, Anja</marc:subfield>
   </marc:datafield>
   <marc:datafield ind1=" " ind2="1" tag="264">
      <marc:subfield code="a">Ravensburg</marc:subfield>
      <marc:subfield code="b">Ravensburger Verlag GmbH</marc:subfield>
      <marc:subfield code="c">2024</marc:subfield>
   </marc:datafield>
   <marc:datafield ind1="1" ind2=" " tag="490">
      <marc:subfield code="a">tiptoi® Bildergeschichten über den Umgang mit Gefühlen</marc:subfield>
   </marc:datafield>
   <marc:datafield ind1=" " ind2=" " tag="250">
      <marc:subfield code="a">1. Auflage</marc:subfield>
   </marc:datafield>
   <marc:datafield ind1="1" ind2=" " tag="520">
      <marc:subfield code="a">Von wütenden Schafen und zornigen Wildschweinen&#xD;
&#xD;
Familie Schaf fährt mit dem Wohnwagen in den Urlaub. Beim Packen, im Stau und auf dem Campingplatz läuft nicht immer alles nach Plan. Da bleibt der ein oder andere Wutausbruch nicht aus. Bei jedem äußert sich die Wut anders: heulen, toben, lautlos brodeln. Auch der Umgang mit der Wut ist bei allen unterschiedlich. Doch Familie Schaf lernt: Wie jedes andere Gefühl ist auch Wut für etwas gut. Eine interaktive Bildergeschichte über den Umgang mit Gefühlen.&#xD;
&#xD;
Mit tiptoi erleben Kinder in dieser Bilderbuchreihe fantastische Geschichten von großen Gefühlen. Im Fokus stehen soziale Kompetenzen wie Selbstvertrauen, Konfliktbewältigung, Empathie, Toleranz, Akzeptanz oder Wertschätzung. Starke Charaktere schaffen ein hohes Identifikationspotenzial. &#xD;
&#xD;
Die Kinder werden von einer Erzählfigur in acht Kapiteln durch die Geschichte geführt. Sie lernen, Geschichten in Leserichtung zu erfassen, schulen ihr Hörverständnis und machen erste Schritte zur Lesekompetenz. Wie gewohnt können die Kinder die Bilder antippen und in die Welt eintauchen. Mit einem spannenden Spiel wird am Ende der Geschichte das Textverständnis überprüft. &#xD;
&#xD;
tiptoi-Stift nicht enthalten. Muss separat erworben werden.</marc:subfield>
   </marc:datafield>
   <marc:datafield ind1=" " ind2=" " tag="020">
      <marc:subfield code="a">9783473492930</marc:subfield>
      <marc:subfield code="9">9783473492930</marc:subfield>
   </marc:datafield>
   <marc:datafield ind1=" " ind2=" " tag="020">
      <marc:subfield code="a">3473492930</marc:subfield>
      <marc:subfield code="9">3473492930</marc:subfield>
   </marc:datafield>
   <marc:datafield ind1=" " ind2=" " tag="041">
      <marc:subfield code="a">ger</marc:subfield>
   </marc:datafield>
   <marc:datafield ind1=" " ind2=" " tag="300">
      <marc:subfield code="b">Farbig illustriert</marc:subfield>
   </marc:datafield>
   <marc:datafield ind1=" " ind2=" " tag="338">
      <marc:subfield code="a">Band</marc:subfield>
   </marc:datafield>
   <marc:datafield ind1=" " ind2=" " tag="300">
      <marc:subfield code="a">16 Seiten</marc:subfield>
   </marc:datafield>
</marc:record>
